00810nam a22002297a 45000010005000000030006000050050017000110080041000280400029000690500018000980820012001161000022001282450052001502500036002022600052002383000047002905050007003375200158003445210027005025210018005296500033005478478FISKH20250915124332.0250915b cb ||||| |||| 00| 0 eng d aFISKHbengcFISKHdFISKH a PZ7.S68524 E a 813.54 aSobol, Donald J.  aEncyclopedia Brown detective /cDonald J. Sobol aThis edition published in 1972  aChicago : bScience Research Associate, c1968  a24 pages : bcolor illustrations ; c21 cm aN  aFifth-grader "Encyclopedia" Leroy Brown solves ten mysteries and, by putting the solutions at the back of the book, challenges the reader to do the same.8 a560 bLexile estimate 8 aN bRaz-Plus  aMysteries vJuvenile Fiction